|
|
|
|
| LEADER |
00000nam a2200000 a 4500 |
| 001 |
vtls001426766 |
| 003 |
SK-MaSNL |
| 005 |
20260302035432.0 |
| 008 |
240226s2000 xo ap r yy eng |
| 015 |
|
|
|a SNBA2002/04-01402
|
| 020 |
|
|
|a 8088964628
|
| 035 |
|
|
|a SNK000381723
|
| 035 |
|
|
|a urn:nbn:sk:snk-amk23a
|
| 035 |
|
|
|a urn:nbn:sk:snk-am0086ja
|
| 035 |
|
|
|a 825048D1-9A13-45D3-BB3A-8FE3718DE7BD
|
| 040 |
|
|
|a SNK
|b slo
|c SNK
|e AACR2
|
| 041 |
0 |
|
|a eng
|
| 044 |
|
|
|a xo
|c SK
|
| 080 |
|
|
|a 681.32:654(075.4)=20
|2 1981
|
| 080 |
|
|
|a 654(075.4)=20
|2 1981
|
| 110 |
0 |
|
|a IDEC
|4 aut
|9 463941
|
| 245 |
1 |
0 |
|a Organisation and new information technology
|c [authors: IDEC ; edited by: František Jakab, Ladislav Samuelis]
|
| 260 |
|
|
|a [Košice
|b Elfa]
|c c2000
|
| 300 |
|
|
|a viii, 100 s.
|b sch., tab.
|c 24 cm
|
| 500 |
|
|
|a Údaj o aut. a edit. prevzatý z tiráže
|
| 504 |
|
|
|a Bibliogr. s. 95
|
| 650 |
0 |
7 |
|a technológie informačné
|x organizácie
|x texty učebné
|2 SNK
|9 463943
|
| 650 |
0 |
7 |
|a organizácie
|x technológie informačné
|x texty učebné
|2 SNK
|9 463942
|
| 655 |
|
7 |
|a učebnice
|2 SNK
|9 22521
|
| 700 |
1 |
|
|a Jakab, František,
|d 1959-
|4 edt
|9 6253
|
| 700 |
1 |
|
|a Samuelis, Ladislav
|4 edt
|9 48973
|
| 919 |
|
|
|a 80-88964-62-8
|
| 958 |
|
|
|a TL
|
| 958 |
|
|
|a NB
|
| 999 |
|
|
|c 1070613
|d 1072543
|
| 952 |
|
|
|t P60, <03>, [BOOK], {603}
|a SNK
|b SNK
|y PREZ
|7 0
|p 17A0328140
|o snkSC 107014
|i snkKSP 547/2002
|0 0
|1 0
|4 0
|d 2002-01-16
|f 1
|l 0
|r 2025-09-26 00:00:00
|w 2026-02-24
|
| 952 |
|
|
|t P60, <04>, [BOOK], {604}
|a SNK
|b SNK
|y VYP
|7 0
|p 17A0328141
|o snkSC 107014 D1
|i snkKSP 548/2002
|0 0
|1 0
|4 0
|d 2002-01-16
|l 0
|r 2005-01-02 00:00:00
|w 2026-02-24
|